000 00891nam1a22002291i 4500
001 rc\4609568
005 20260407112454.0
035 _a(NLR Aleph) 008392915
090 _a9188463
_c9188463
100 _a20130416d1960 |||y0rusy50 ca
101 0 _arus
102 _aRU
105 _ay z |||c|
200 1 _aОчерки истории Коммунистической партии Латвии
_eМакет
_eЧ. 1-
_fИн-т истории партии при ЦК КП Латвии. Филиал Ин-та марксизма-ленинизма при ЦК КПСС
210 _aРига
_cЛатгосиздат
_d1960
215 _d23
333 _aНа правах рукописи
712 0 2 _aИнститут истории партии
_cРига
_9630588
_3RU\NLR\AUTH\8810064504
801 0 _aRU
_bNLR
_gpsbo
801 1 _aRU
_bELAR
_2rusmarc
852 _aNLR
_j60-5/3780
942 _cBOOK